[Event "BC jun"]
[Site "Burnaby"]
[Date "2023.11.19"]
[Round "5.5"]
[White "Aljo, Johan"]
[Black "Mok, Gillian"]
[Result "1/2-1/2"]
[WhiteElo "2121"]
[BlackElo "1854"]
[EventType "swiss"]
[EventRounds "5"]
[EventCountry "CAN"]

1. d4 Nf6 2. c4 g6 3. Nc3 Bg7 4. e4 d6 5. Be2 O-O 6. Be3 e5 7. d5 c6 8. g4
cxd5 9. cxd5 Qa5 10. f3 Bd7 11. Qd2 Qd8 12. h4 Na6 13. h5 Rc8 14. hxg6 fxg6
15. Nh3 Nc5 16. Nf2 Qa5 17. O-O b5 18. b4 Qxb4 19. Rab1 Qa5 20. Nxb5 Qxd2 21.
Bxd2 Bxb5 22. Bxb5 Nfd7 23. Kg2 a6 24. Bc6 Nb8 25. Rb6 Nxc6 26. dxc6 Rc7 27.
Be3 Rfc8 28. Bxc5 dxc5 29. Rxa6 Rxc6 30. Rxc6 Rxc6 31. Rc1 Bh6 32. Rc4 Be3 33.
Nd3 Bd4 34. a4 Kf7 35. a5 Ke7 36. f4 exf4 37. Nxf4 Ra6 38. Ne2 Rxa5 {#d}
1/2-1/2